Изучение опыта внедрения бережливого производства в России и за рубежом; Ресурсоэффективные системы в управлении и контроле: взгляд в будущее; Ч. 4

Bibliografiske detaljer
Parent link:Ресурсоэффективные системы в управлении и контроле: взгляд в будущее: сборник научных трудов III Международной конференции школьников, студентов, аспирантов, молодых ученых, 06 - 11 октября 2014 г./ Национальный исследовательский Томский политехнический университет (ТПУ).— , 2014
Ч. 4.— 2014.— [С. 87-92]
Hovedforfatter: Королева Н. А.
Institution som forfatter: Национальный исследовательский Томский политехнический университет (ТПУ) Институт социально-гуманитарных технологий (ИСГТ) Кафедра экономики (ЭКОН)
Andre forfattere: Варлачева Н. В. Наталия Валерьевна (научный руководитель)
Summary:Заглавие с титульного экрана
Sprog:russisk
Udgivet: 2014
Serier:Концепции управления в современной экономике
Fag:
Online adgang:http://www.lib.tpu.ru/fulltext/c/2014/C47/V4/021.pdf
Format: MixedMaterials Electronisk Book Chapter
KOHA link:https://koha.lib.tpu.ru/cgi-bin/koha/opac-detail.pl?biblionumber=611291

MARC

LEADER 00000naa2a2200000 4500
001 611291
005 20231101132641.0
035 |a (RuTPU)RU\TPU\conf\9027 
035 |a RU\TPU\conf\9026 
090 |a 611291 
100 |a 20150303d2014 k y0rusy50 ca 
101 0 |a rus 
102 |a RU 
105 |a y z 101zy 
135 |a drgn ---uucaa 
181 0 |a i  
182 0 |a b 
200 1 |a Изучение опыта внедрения бережливого производства в России и за рубежом  |f Н. А. Королева  |g науч. рук. Н. В. Варлачева 
203 |a Текст  |c электронный 
225 1 |a Концепции управления в современной экономике 
230 |a 1 компьютерный файл (pdf; 450 Kb) 
300 |a Заглавие с титульного экрана 
320 |a [Библиогр.: с. 92 (7 назв.)] 
337 |a Adobe Reader 
461 1 |0 (RuTPU)RU\TPU\conf\8514  |t Ресурсоэффективные системы в управлении и контроле: взгляд в будущее  |o сборник научных трудов III Международной конференции школьников, студентов, аспирантов, молодых ученых, 06 - 11 октября 2014 г.  |o в 4 ч.  |f Национальный исследовательский Томский политехнический университет (ТПУ)  |d 2014 
463 0 |0 (RuTPU)RU\TPU\conf\8521  |t Ч. 4  |v [С. 87-92]  |d 2014 
610 1 |a труды учёных ТПУ 
610 1 |a электронный ресурс 
610 1 |a внедрение 
610 1 |a бережливое производство 
610 1 |a Россия 
610 1 |a экономическая эффективность 
610 1 |a конкурентоспособность 
610 1 |a качество 
700 1 |a Королева  |b Н. А. 
702 1 |a Варлачева  |b Н. В.  |c экономист  |c доцент Томского политехнического университета, кандидат экономических наук  |f 1977-  |g Наталия Валерьевна  |2 stltpush  |4 727 
712 0 2 |a Национальный исследовательский Томский политехнический университет (ТПУ)  |b Институт социально-гуманитарных технологий (ИСГТ)  |b Кафедра экономики (ЭКОН)  |h 149  |2 stltpush  |3 (RuTPU)RU\TPU\col\18375 
801 2 |a RU  |b 63413507  |c 20150303  |g RCR 
856 4 |u http://www.lib.tpu.ru/fulltext/c/2014/C47/V4/021.pdf 
942 |c BK